Emigración mundialización y coyoteros. Equipo de Formación, Información y Publicaciones /

Kaydedildi:
Detaylı Bibliyografya
Yazar: Tamayo G., Eduardo
Materyal Türü: Metin
Konular:
Etiketler: Etiketle
Etiket eklenmemiş, İlk siz ekleyin!

MARC

LEADER 00000 a a2200000 04500
001 741
003
040
100 |a Tamayo G., Eduardo  
245 |a Emigración mundialización y coyoteros. Equipo de Formación, Información y Publicaciones /  |c Eduardo Tamayo G. 
650 |a EMIGRACION  
650 |a EMIGRANTES  
650 |a GLOBALIZACION  
650 |a ASPECTOS SOCIALES  
773 |g volumen 26, número 352; páginas 30-31  
999 |c 22248  |d 22248